The lore of large numbers
Saved in:
| Main Author: | |
|---|---|
| Format: | Book |
| Language: | English |
| Published: |
[New York] :
Random House,
[1961]
|
| Series: | New mathematical library ;
; 6 |
| Subjects: | |
| Tags: |
Add Tag
No Tags, Be the first to tag this record!
|
MARC
| LEADER | 00000cam a2200000 i 4500 | ||
|---|---|---|---|
| 001 | 1/8122 | ||
| 008 | 100607s1961 eng d | ||
| 035 | |l 10108137 | ||
| 040 | |a GR-MY-UA |b gre |e aacr | ||
| 041 | 0 | |a eng | |
| 082 | 0 | |a 512.7 |2 (22) | |
| 100 | 1 | |a Davis, Philip J., |d 1923-2018. | |
| 245 | 1 | 4 | |a The lore of large numbers / |c by Philip J. Davis |
| 260 | |a [New York] : |b Random House, |c [1961] | ||
| 300 | |a 165 σ.; |b εικ.; |c 23 εκ. | ||
| 490 | 1 | |a New mathematical library |v ; 6 | |
| 504 | |a Βιβλιογραφία : σ. 163-165 | ||
| 650 | 0 | 0 | |a Number theory. |
| 830 | 0 | |a New mathematical library ; |v ; 6 | |
| 852 | |a INST |b SAMOS |c MAG |e 20100607 |h 512.7 DAV |p 005300031795 |q 005300031795 |t BK |y 0 | ||
| 901 | |a BIBL3-2010-2 | ||
| 909 | |a Σ |b 162406 | ||
| 970 | |a ΣΙΤΖΙΜΗ |b ΓΙΑΣΕΜΗ |z 2010/06/07 | ||